Philosophy of the Brahma - Sutra: an indtroduction (Record no. 1228315)

MARC details
000 -LEADER
fixed length control field 00703nam a2200229Ia 4500
005 - DATE AND TIME OF LATEST TRANSACTION
control field 20241129110950.0
008 - FIXED-LENGTH DATA ELEMENTS--GENERAL INFORMATION
fixed length control field 241129s9999||||xx |||||||||||||| ||und||
020 ## - INTERNATIONAL STANDARD BOOK NUMBER
International Standard Book Number 978-1-3501-5000-3
037 ## - SOURCE OF ACQUISITION
Stock number TB
040 ## - CATALOGING SOURCE
Original cataloging agency CRL
Language of cataloging eng
Transcribing agency CRL
041 ## - LANGUAGE CODE
Language code of text/sound track or separate title eng
Source of code eng
084 ## - COLON CLASSIFICATION NUMBER
Classification number R655 R2
Assigning agency CRL
100 ## - MAIN ENTRY--PERSONAL NAME
Personal name Uskokov Aleksandar Au.
9 (RLIN) 722985
245 #0 - TITLE STATEMENT
Title Philosophy of the Brahma - Sutra: an indtroduction
Statement of responsibility, etc. Uskokov Aleksandar Au.
260 ## - PUBLICATION, DISTRIBUTION, ETC.
Place of publication, distribution, etc. London, UK
Name of publisher, distributor, etc. Bloomsbury academic
Date of publication, distribution, etc. 2022
300 ## - PHYSICAL DESCRIPTION
Extent xv,219p.
365 ## - TRADE PRICE
Price type code UKP
Price amount 16.99
490 ## - SERIES STATEMENT
Series statement Bloomsbury introductions to world philosophies
650 ## - SUBJECT ADDED ENTRY--TOPICAL TERM
Topical term or geographic name entry element Indian PhilosophyVedanta
9 (RLIN) 726252
942 ## - ADDED ENTRY ELEMENTS (KOHA)
Koha item type Textbook
Classification part R655 R2
Holdings
Withdrawn status Lost status Damaged status Not for loan Home library Current library Date acquired Source of acquisition Cost, normal purchase price Inventory number Total Checkouts Full call number Barcode Date last seen Price effective from Koha item type
        Central Library Central Library 2024-11-29 Bright Book Service 16.99 2077 & 10/01/2023   R655 R2 CL1679111 2024-11-29 2024-11-29 Textbook
Copyright @ Delhi University Library System